000
00222nam a22000857a 4500
008
160827b xxu||||| |||| 00| 0 eng d
100
_9
251
_a
Singh K
245
_a
Paani Hindi Story book
260
_a
New Delhi
_b
Global Harmony
_c
2011
999
_c
2907
_d
2907